| 000 | 01123nam a22002177a 4500 | ||
|---|---|---|---|
| 999 |
_c1941 _d1941 |
||
| 003 | AR-CdUCM | ||
| 008 | 190228b ||||| |||| 00| 0 spa d | ||
| 040 |
_aMUNICIPALIDAD PROVINCIAL DEL CUSCO _cBIBLIOTECA MUNICIPAL DEL CUSCO |
||
| 082 |
_22da. ed. _a636.0896 / _bB96 |
||
| 100 |
_aBustinza Menéndez, Julio Amilcar _97096 |
||
| 245 |
_aEnfermedades de Alpacas / _cBustinza Menéndez, Julio Amilcar |
||
| 260 |
_aArequipa - Perú : _bUniversidad Nacional del Altiplano , _c2000. |
||
| 300 |
_a353 paginas : _c21.5 cm. |
||
| 505 | _aLas enfermedades bacterianas en las alpacas -- enfermedades bacterianas especificas que atacan a las alpacas -- Las clotirosis en las alpacas -- La colibacilosis en las alpacas -- La enfermedad de preston en las alpacas -- Las necrobacilosis en las alpacas -- enfermedades de Cuba caparo en las alpacas -- Las enfermedades inespecificas en las alpacas | ||
| 650 |
_aEnfermedades Bacterianas. _97097 |
||
| 650 |
_aEspecies Endemicas. _97098 |
||
| 650 |
_aBacteorologia Andina. _97099 |
||
| 700 |
_aBustinza Menéndez, Julio Amilcar _97096 |
||
| 942 |
_2ddc _cLIBROS |
||
| 945 |
_artm _d2019-02-28 |
||